000 00518nam a22001817a 4500
003 OSt
005 20150827131243.0
008 130712t xxu||||| |||| 00| 0 eng d
020 _a9715900844
050 _aPN 4775
_b.D339 1996
082 _aFIL 302.23
_bD37 1996
245 _aPag-usapan natin :
_bang media ang Pilipino atbp /
_cClothilde delas Llagas ESP at Marialuz T. Morada.
260 _aPhilippines :
_bPaulines,
_c1996.
300 _a47 p. :
_c21 cm.
562 _e1
942 _2lcc
_cBK
999 _c6488
_d6488